|
|
|
|
| LEADER |
00000cam a2200000 7i4500 |
| 001 |
0000025080 |
| 002 |
000027055 |
| 005 |
20040928.0 |
| 020 |
|
|
|a 9830990877
|
| 090 |
0 |
0 |
|a 153.8
|b ABD
|
| 100 |
0 |
|
|a Abdul Aziz Ismail
|
| 245 |
1 |
0 |
|a Menyemai keyakinan diri untuk berjaya
|c Abdul Aziz Ismail
|
| 260 |
|
|
|a Kuala Lumpur :
|b Al-Hidayah Publishers ,
|c 1998
|
| 300 |
|
|
|a 163p. ;
|c 21cm.
|
| 490 |
0 |
|
|a Motivasi remaja cemerlang
|
| 650 |
0 |
0 |
|a Motivation (Psychology)
|
| 650 |
0 |
0 |
|a Motivation and personality
|
| 650 |
0 |
0 |
|a Motivation in education
|
| 999 |
|
|
|a 00171245
|b BUKU
|c PINJAMAN
|e PERPUSTAKAAN KOMUNITI PETALING JAYA
|
| 999 |
|
|
|a 077808
|b BUKU
|c PINJAMAN
|e PERPUSTAKAAN KOMUNITI PETALING JAYA
|
| 999 |
|
|
|a 079092
|b BUKU
|c PINJAMAN
|e PERPUSTAKAAN KOMUNITI CAW KOTA DAMANSARA
|